| 000 | 01130nam a2200301 a 4500 | ||
|---|---|---|---|
| 003 | CBULib | ||
| 005 | 20240812140440.0 | ||
| 008 | 190520s2015 ||||||||||||||||| || u | ||
| 020 | _a9789211128901 | ||
| 040 |
_aCBULib _bEnglish _cCBULib _erda |
||
| 041 | _aeng | ||
| 050 | _aUNCTAD(058)TDR/2015 | ||
| 110 |
_9359 _aUnited Nations Conference on Trade and Development (UNCTAD) |
||
| 245 | 0 | 0 |
_aTrade and development report, 2015 : making the international financial architecture work for development _c/ by United Nations Conference on Trade and Development (UNCTAD) |
| 260 |
_aNew York : _bUnited Nations, _c2015 |
||
| 300 | _axviii ,186 pages : illustrations | ||
| 336 |
_2rdacontent _aText | _btxt |
||
| 337 |
_2rdamedia _aUnmediated | _bn |
||
| 338 |
_2rdacarrier _aVolume _bnc |
||
| 500 | _aIncludes References | ||
| 650 | 0 | _aGLOBAL FINANCIAL CRISIS, 2008-2009 | |
| 650 | 0 | _aINTERNATIONAL ECONOMIC RELATIONS | |
| 650 | _aBUSINESS AND ECONOMICS | ||
| 650 | _aECONOMIC POLICY--PERIODICALS | ||
| 650 | _aDEVELOPING COUNTRIES | ||
| 942 |
_2mc _c029 |
||
| 999 |
_c60118 _d60118 |
||